00655nam a2200217 a 450000500170000000800410001701000170005802000320007502000260010703500170013303700140015004000180016408200110018210000190019324500730021226000260028527000400031130000310035150000330038270000220041520091212120655.0060711r20081994mnua j 000 1 eng  aB-384334-349 a9781595663054 (set)c110.00 a9781595663139c110.00 aB-384334-349 bBlueberry adplbEnglish  a595.44 aMorgan, Sally  aAnimal lives spiders /cby Sally Morgan ; edited by Christine Harvey bQEB Publishing c2004 a23062 La Cadena Drive, Laguna Hills a32p. c26cm(pbk)bcol. ill aIncludes glossary and index  aHarvey,Christine